000 00606nam a22001695i 4500
001 158106
003 ES-MaACL
005 20240511063039.0
008 040823s1886 sp |||| | spa d
040 _aCAM
_bspa
_cCAM
100 1 _aLorenzo d'Ayot, Manuel,
_d-1911
_9125762
245 1 0 _aPilar
_b: poema en prosa /
_coriginal de Manuel Lorenzo d'Ayot.
260 _aMadrid :
_b[s.n.],
_c1886 (
_fImprenta de Gabriel Pedraza)
300 _a15 p. ;
_c16 cm.
852 _aES-MaACL
_jT-407-F-9
_z-- Enc. hol.
_q-- Falto de la cub. original
_z-- Enc. en un vol. facticio
999 _c158106
_d158106